| 000 | 00943nam0a22002771 4500 | ||
|---|---|---|---|
| 001 | rc\2999972 | ||
| 005 | 20250810055208.0 | ||
| 035 | _a(NLR Aleph) 007143336 | ||
| 090 |
_a7077961 _c7077961 |
||
| 100 | _a20110919d1942 u y0rusy50 ca | ||
| 101 | 0 | _arus | |
| 102 | _aRU | ||
| 105 | _aa z ||||| | ||
| 200 | 1 | _aКраткий курс теории упругости | |
| 210 |
_aМосква _aЛенинград _cГос. изд-во техн.-теорет. лит. _d1942 |
||
| 215 |
_a304 с. _cчерт. _d23 см |
||
| 300 | _aНапеч. в Москве | ||
| 700 | 1 |
_4070 _7ca _8rus _aЛейбензон _bЛ. С. _f1879-1951 _gЛеонид Самуилович _92641153 _3RU\NLR\AUTH\770271969 |
|
| 801 | 0 |
_aRU _bNLR _gpsbo |
|
| 801 | 1 |
_aRU _bELAR _2rusmarc |
|
| 852 |
_aNLR _jМх02 Г-5/58 |
||
| 942 | _cBOOK | ||
| 945 | _aРоссийская национальная библиотека | ||
| 980 | _aNB | ||
| 980 | _aBV | ||